| 000 | 00947nam a2200241 i 4500 | ||
|---|---|---|---|
| 001 | C00064528c | ||
| 005 | 20241029151016.0 | ||
| 008 | 180709s1973 esp |||| ||spa d | ||
| 080 | _a711(468.18C.)"17" | ||
| 100 | 1 |
_aRetegui Bensusan, Mariano de ( _d1914-1997) _945200 |
|
| 245 | 1 | 0 |
_aUrbanismo gaditano del siglo XVIII / _cMariano de Retegui y Bensusan, Guillermo Perea Guardeño. |
| 260 |
_aSan Fernando : _bImp. "La Voz", _c1973. |
||
| 300 |
_a47 p., [7] h. de lám. ; _c28 cm. + _e1 folleto. |
||
| 500 | _aLas [7] h. de lám.: tres están imp. por ambas caras y dos son pleg. | ||
| 500 | _aAcompañado de: Cinco mapas del siglo XVIII en un viejo papel. [8] p. ; 22 cm. | ||
| 500 | _aDonación Ministerio de Cultura. | ||
| 650 | 4 |
_aUrbanismo- _zEspaña- _zCádiz- _yS. XVIII. _9100714 |
|
| 700 | 1 |
_aPerea Guardeño, Guillermo. _945201 |
|
| 752 |
_aEspaña - _dSan Fernando |
||
| 852 | 4 | _jCN-40 | |
| 999 |
_c61054 _d61054 |
||